| 000 | 01661cam a22004095i 4500 | ||
|---|---|---|---|
| 999 |
_c27964 _d27935 |
||
| 001 | 15826735 | ||
| 003 | EG-ScBUE | ||
| 005 | 20200127112810.0 | ||
| 008 | 090721s2007 cc abcff 000 0 eng d | ||
| 020 | _a7508507061 | ||
| 020 | _a9787508507064 | ||
| 035 | _a(OCoLC)ocm77083025 | ||
| 040 |
_aJPG _beng _erda _cJPG _dJPG _dDLC _dEG-ScBUE |
||
| 041 | 1 |
_aeng _hchi |
|
| 043 | _aa-cc--- | ||
| 082 | 0 | 4 |
_a915.8 _bFOO _222 |
| 130 | 0 |
_aSi chou zhi lu shang wai guo tan xian jia de zu ji. _lEnglish |
|
| 245 | 0 | 0 |
_aFootprints of foreign explorers on the Silk Road = _b丝绸之路上外国探险家的足迹 / _ccompiled by the Information Office of Xinjiang Uygur Autonomous Region of China ; [editor in chief Wu Dunfu ; English by Tsui Yenhu]. |
| 246 | 3 | 1 | _a丝绸之路上外国探险家的足迹 |
| 250 | _aSecond edition. | ||
| 264 | 1 |
_aBeijing : _bChina Intercontinental Press, _c2007. |
|
| 300 |
_a177 pages, [1] folded leaf of plates : _billustrations (some color), color maps, portraits ; _c30 cm |
||
| 336 |
_atext _btxt _2rdacontent |
||
| 337 |
_aunmediated _bn _2rdamedia |
||
| 338 |
_avolume _bnc _2rdacarrier |
||
| 500 | _aFirst edition 2005. | ||
| 546 | _aText in English; translated from Chinese. | ||
| 650 | 7 |
_aArt, Chinese _zChina, Northwest. _2BUEsh |
|
| 651 | 7 |
_aSilk Road _xAntiquities. _2BUEsh |
|
| 651 | 7 |
_aSilk Road _xDescription and travel. _2BUEsh |
|
| 653 |
_bHHUUCCHH _cJanuary2020 |
||
| 700 | 1 |
_aWu, Dunfu, _eeditor. |
|
| 700 | 1 |
_aTsui, Yenhu, _etranslator. |
|
| 710 | 2 |
_athe Information Office of Xinjiang Uygur Autonomous Region of China, _ecompiler. |
|
| 942 |
_2ddc _cBB |
||